000 00723nam a2200229 i 4500
001 181671
003 ES-MaACL
005 20250822063232.0
008 130306s1975 sp | |||||||| | cat d
020 _a84-233-0907-X
080 _a929(460)"18/19"
100 1 _aPla, Josep,
_d1897-1981
_9164614
245 1 0 _aHomenots
_b: quarta série /
_cJosep Pla.
260 _aBarcelona :
_bDestino,
_c1975.
300 _a559 p. ;
_c18 cm.
490 1 _aObra Completa de Josep Pla ;
_v29
650 4 _aCatalanes-
_yS.XIX-
_vBiografías.
_9152433
650 4 _aCatalanes-
_yS.XX-
_vBiografías.
_9152434
830 0 _aObra Completa de Josep Pla ;
_v29
_9191524
852 _aES-MaACL
_jJ-46(29)
999 _c181671
_d181671